[Event "Alicante Easter op 7th"]
[Site "La Nucia"]
[Date "2023.04.06"]
[Round "2"]
[White "Ontanon Gomez, Pablo"]
[Black "Xu, Yi"]
[Result "0-1"]
[WhiteElo "2136"]
[BlackElo "2505"]
[PlyCount "86"]
[EventDate "2023.04.05"]
[EventType "swiss"]
[EventRounds "9"]
[EventCountry "ESP"]
[SourceTitle "CBM 213 Extra"]
[Source "ChessBase"]
[SourceDate "2023.05.31"]
[SourceVersion "1"]
[SourceVersionDate "2023.05.31"]
[SourceQuality "1"]

1. e4 c5 2. Nf3 Nc6 3. d4 cxd4 4. Nxd4 e6 5. Nc3 Nf6 6. Nxc6 bxc6 7. Bd3 d5 8. 0-0 Be7 9. Qe2 0-0 10. b3 Nd7 11. Na4 Nb6 12. Nxb6 axb6 13. a4 e5 14. Bb2 d4 15. Rad1 Be6 16. Bc4 Qc8 17. Bxe6 Qxe6 18. f4 f6 19. f5 Qf7 20. Rf3 Rfc8 21. Rh3 b5 22. Ra1 bxa4 23. bxa4 Rcb8 24. Bc1 Rb4 25. a5 Bc5 26. Qd3 Rab8 27. Bd2 Rb1+ 28. Rxb1 Rxb1+ 29. Kf2 Qa2 30. Ke2 Bb4 31. Bxb4 Rxb4 32. a6 c5 33. a7 Qxa7 34. Qa3 Qb7 35. Rh4 Qb5+ 36. Kd2 Ra4 37. Qf3 Ra1 38. Qb3+ Qxb3 39. cxb3 Ra2+ 40. Kd3 Rf2 41. Rh3 Rb2 42. Kc4 Rc2+ 43. Kd5 Rc3 0-1

[Event "Almansa op 7th"]
[Site "Almansa"]
[Date "2012.08.08"]
[Round "3"]
[White "Fernandez Barrera, Victor"]
[Black "Ontanon Gomez, Pablo"]
[Result "1-0"]
[WhiteElo "2316"]
[BlackElo "2107"]
[PlyCount "91"]
[EventDate "2012.08.07"]
[EventType "swiss"]
[EventRounds "9"]
[EventCountry "ESP"]
[SourceTitle "CBM 149 Extra"]
[Source "ChessBase"]
[SourceDate "2012.08.24"]
[SourceVersion "1"]
[SourceVersionDate "2012.08.24"]
[SourceQuality "1"]

1. e4 c5 2. Nf3 Nc6 3. d4 cxd4 4. Nxd4 e5 5. Nb5 a6 6. Nd6+ Bxd6 7. Qxd6 Qf6 8. Qxf6 Nxf6 9. Nc3 Nb4 10. Kd2 d6 11. a3 Nc6 12. f3 Be6 13. Bd3 0-0-0 14. Ke2 h6 15. Be3 Ne7 16. Na4 Nd7 17. c4 Kb8 18. Rac1 Nc6 19. b4 Rc8 20. Nb6 Nxb6 21. Bxb6 Rhe8 22. Ke3 Ne7 23. c5 d5 24. b5 dxe4 25. fxe4 axb5 26. Bxb5 Nc6 27. Rhd1 Re7 28. Rd6 Nd4 29. Bd8 Rxd8 30. Rxd8+ Kc7 31. Re8 Rxe8 32. Bxe8 Bb3 33. Rc3 Be6 34. a4 Nc6 35. Bxc6 Kxc6 36. h4 Bg4 37. Rb3 Bd1 38. Rb6+ Kc7 39. a5 Bg4 40. a6 bxa6 41. Rxa6 Be6 42. Rxe6 fxe6 43. Kd3 Kb7 44. Kc4 Ka6 45. h5 Ka5 46. g3 1-0

[Event "Almansa op 6th"]
[Site "Almansa"]
[Date "2011.08.11"]
[Round "5"]
[White "Plaza Agudo, Juan Francisco"]
[Black "Ontanon Gomez, Pablo"]
[Result "1/2-1/2"]
[WhiteElo "2035"]
[BlackElo "2104"]
[PlyCount "50"]
[EventDate "2011.08.09"]
[EventType "swiss"]
[EventRounds "9"]
[EventCountry "ESP"]
[SourceTitle "CBM 144 Extra"]
[Source "ChessBase"]
[SourceDate "2011.10.28"]
[SourceVersion "1"]
[SourceVersionDate "2011.10.28"]
[SourceQuality "1"]

1. Nf3 c5 2. b3 Nc6 3. Bb2 d5 4. d4 cxd4 5. Nxd4 e6 6. e3 Nf6 7. Bd3 Be7 8. 0-0 0-0 9. a3 Qc7 10. Nd2 Ne5 11. Be2 Ng6 12. c4 dxc4 13. Nxc4 Rd8 14. Qc1 Bd7 15. Nd2 Qxc1 16. Rfxc1 e5 17. N4f3 Bg4 18. Bf1 Bd6 19. h3 Bxf3 20. Nxf3 Nd7 21. Rd1 Nc5 22. Bc4 h6 23. Rac1 e4 24. Nd4 Ne5 25. Nb5 Ned3 1/2-1/2

[Event "Collado Villalba op-A 27th"]
[Site "Collado Villalba"]
[Date "2010.08.21"]
[Round "2"]
[White "De la Fuente Gonzalez, Francisco"]
[Black "Ontanon Gomez, Pablo"]
[Result "1/2-1/2"]
[WhiteElo "2240"]
[BlackElo "2002"]
[PlyCount "65"]
[EventDate "2010.08.20"]
[EventType "swiss"]
[EventRounds "10"]
[EventCountry "ESP"]
[SourceTitle "CBM 138 Extra"]
[Source "ChessBase"]
[SourceDate "2010.10.29"]
[SourceVersion "1"]
[SourceVersionDate "2010.10.29"]
[SourceQuality "1"]

1. c4 Nf6 2. Nc3 c5 3. g3 d5 4. cxd5 Nxd5 5. Bg2 Nc7 6. Qa4+ Qd7 7. Qxd7+ Nxd7 8. Nf3 g6 9. d3 Bg7 10. 0-0 0-0 11. Bg5 Re8 12. Rac1 h6 13. Be3 b6 14. d4 Bb7 15. dxc5 Nxc5 16. Nd4 Bxg2 17. Kxg2 N7e6 18. Nc6 Nd8 19. Nb4 Ncb7 20. Rfd1 Nd6 21. Ncd5 Ne6 22. Na6 Rad8 23. Nac7 Nxc7 24. Rxc7 e6 25. Nc3 Bxc3 26. Rxc3 Nf5 27. Rxd8 Nxe3+ 28. Kf3 Rxd8 29. Kxe3 Rd7 30. b4 Kg7 31. a4 Kf6 32. f4 h5 33. h3 1/2-1/2

[Event "Albacete op 17th"]
[Site "Albacete"]
[Date "2009.09.01"]
[Round "1"]
[White "Ontanon Gomez, Pablo"]
[Black "Pogorelov, Ruslan"]
[Result "0-1"]
[WhiteElo "1916"]
[BlackElo "2477"]
[PlyCount "74"]
[EventDate "2009.09.01"]
[EventType "swiss"]
[EventRounds "9"]
[EventCountry "ESP"]
[SourceTitle "CBM 132 Extra"]
[Source "ChessBase"]
[SourceDate "2009.11.03"]
[SourceVersion "1"]
[SourceVersionDate "2009.11.03"]
[SourceQuality "1"]

1. e4 c5 2. Nf3 Nc6 3. d4 cxd4 4. Nxd4 Qc7 5. c4 Nf6 6. Nc3 Nxe4 7. Nxe4 Qe5 8. Nxc6 Qxe4+ 9. Be2 dxc6 10. 0-0 g6 11. Be3 Bg7 12. Qd2 Qe5 13. Rad1 0-0 14. Bd4 Qxd4 15. Qxd4 Bxd4 16. Rxd4 e5 17. Rd2 Be6 18. Rfd1 Rfe8 19. b3 Kf8 20. Kf1 Ke7 21. Bf3 a5 22. c5 a4 23. b4 a3 24. b5 Red8 25. bxc6 Rxd2 26. Rxd2 bxc6 27. Bxc6 Rc8 28. Ba4 Rxc5 29. Ke2 Rc1 30. Kd3 Rc4 31. Bd1 Rd4+ 32. Kc3 Rxd2 33. Kxd2 Bxa2 34. Kc3 Bd5 35. g4 g5 36. f3 h6 37. h3 Kd6 0-1

[Event "ESP-ch U14"]
[Site "Granada"]
[Date "2009.07.09"]
[Round "5"]
[White "Gonzalez Hernandez, Ferran"]
[Black "Ontanon Gomez, Pablo"]
[Result "1/2-1/2"]
[WhiteElo "1813"]
[BlackElo "1947"]
[PlyCount "97"]
[EventDate "2009.07.07"]
[EventType "swiss"]
[EventRounds "9"]
[EventCountry "ESP"]
[SourceTitle "CBM 131 Extra"]
[Source "ChessBase"]
[SourceDate "2009.09.03"]
[SourceVersion "2"]
[SourceVersionDate "2009.09.16"]
[SourceQuality "1"]

1. e4 c5 2. Nf3 d6 3. d4 Nf6 4. Nc3 cxd4 5. Qxd4 Nc6 6. Bb5 Bd7 7. Bxc6 Bxc6 8. Bg5 e6 9. 0-0-0 Be7 10. Rhe1 Qa5 11. Qd2 Rc8 12. Nd4 0-0 13. Nb3 Qb6 14. f4 Rfd8 15. f5 e5 16. Bxf6 Bxf6 17. Rh1 a5 18. g4 a4 19. g5 axb3 20. gxf6 bxa2 21. Qg5 a1Q+ 22. Kd2 Qf2+ 23. Ne2 Qa5+ 24. c3 Qxe2+ 25. Kxe2 Bb5+ 26. Kf3 Kf8 27. Qxg7+ Ke8 28. Qg8+ Kd7 29. Qxf7+ Kc6 30. Qd5+ Kb6 31. Ra1 Ba4 32. Qa2 Ra8 33. Qf7 Qb5 34. c4 Qb3+ 35. Kg4 Rg8+ 36. Kh4 h5 37. c5+ dxc5 38. Qxb3+ Bxb3 39. Rxa8 Rxa8 40. Kxh5 Rg8 41. h4 Kc6 42. Kh6 Kd7 43. Rh3 Bf7 44. Rd3+ Kc6 45. Kh7 c4 46. Rd2 Kc7 47. Kh6 Kc6 48. Kh7 Kc7 49. Rd1 1/2-1/2

[Event "ESP-ch U14"]
[Site "Granada"]
[Date "2009.07.09"]
[Round "4"]
[White "Ontanon Gomez, Pablo"]
[Black "Ballester Llagaria, Luis Eduardo"]
[Result "1/2-1/2"]
[WhiteElo "1947"]
[BlackElo "2067"]
[PlyCount "64"]
[EventDate "2009.07.07"]
[EventType "swiss"]
[EventRounds "9"]
[EventCountry "ESP"]
[SourceTitle "CBM 131 Extra"]
[Source "ChessBase"]
[SourceDate "2009.09.03"]
[SourceVersion "2"]
[SourceVersionDate "2009.09.16"]
[SourceQuality "1"]

1. e4 c5 2. Nf3 e6 3. d4 cxd4 4. Nxd4 Nf6 5. Nc3 Nc6 6. Ndb5 d6 7. Bf4 e5 8. Bg5 a6 9. Na3 b5 10. Nd5 Be7 11. Bxf6 Bxf6 12. c4 0-0 13. cxb5 Nd4 14. Bd3 axb5 15. 0-0 Be6 16. Nxf6+ Qxf6 17. Nxb5 Rfb8 18. Nxd4 exd4 19. b3 Ra3 20. Qd2 Rba8 21. Qb4 g6 22. Qxd6 Rxa2 23. Rxa2 Rxa2 24. f4 Rxg2+ 25. Kh1 Rd2 26. f5 Rxd3 27. e5 Qh4 28. fxe6 Qe4+ 29. Kg1 Qg4+ 30. Kh1 Qe4+ 31. Kg1 Qg4+ 32. Kh1 Qe4+ 1/2-1/2

[Event "ESP-ch U12"]
[Site "Linares"]
[Date "2007.07.13"]
[Round "8"]
[White "Quintin Navarro, Alberto"]
[Black "Ontanon Gomez, Pablo"]
[Result "0-1"]
[WhiteElo "1931"]
[BlackElo "1832"]
[PlyCount "84"]
[EventDate "2007.07.08"]
[EventType "swiss"]
[EventRounds "9"]
[EventCountry "ESP"]
[SourceTitle "EXT 2008"]
[Source "ChessBase"]
[SourceDate "2007.11.25"]
[SourceVersion "1"]
[SourceVersionDate "2007.11.25"]
[SourceQuality "1"]

1. e4 c5 2. Nf3 d6 3. d4 cxd4 4. Nxd4 Nf6 5. Nc3 a6 6. f3 e5 7. Nb3 Be6 8. Be3 b5 9. Qd2 Nbd7 10. a4 b4 11. Nd5 Bxd5 12. exd5 Nb6 13. Bxb6 Qxb6 14. a5 Qb7 15. Bc4 Be7 16. Ra4 Rb8 17. Nc1 e4 18. Na2 Bd8 19. Rxb4 Bxa5 20. Rxb7 Bxd2+ 21. Kxd2 Rxb7 22. b3 exf3 23. Re1+ Re7 24. Rxe7+ Kxe7 25. gxf3 a5 26. Nc3 g5 27. Nb5 g4 28. Ke3 h5 29. Nd4 Ra8 30. Nf5+ Kd7 31. Kf4 gxf3 32. Kxf3 Ng4 33. Ne3 Nxh2+ 34. Kg3 Ng4 35. Nxg4 Rg8 36. Bb5+ Kc7 37. Kh4 Rxg4+ 38. Kxh5 Rg2 39. Bd3 Kb6 40. Be4 Rg1 41. Bf5 Kc5 42. c4 Kb4 0-1

[Event "ESP-ch U12"]
[Site "Linares"]
[Date "2007.07.09"]
[Round "3"]
[White "Ontanon Gomez, Pablo"]
[Black "Pardo Simon, David"]
[Result "1/2-1/2"]
[WhiteElo "1750"]
[BlackElo "2080"]
[PlyCount "96"]
[EventDate "2007.07.08"]
[EventType "swiss"]
[EventRounds "9"]
[EventCountry "ESP"]
[SourceTitle "EXT 2008"]
[Source "ChessBase"]
[SourceDate "2007.11.25"]
[SourceVersion "1"]
[SourceVersionDate "2007.11.25"]
[SourceQuality "1"]

1. e4 e5 2. Nf3 Nc6 3. Bb5 Nge7 4. c3 g6 5. d4 exd4 6. cxd4 d5 7. Nc3 dxe4 8. Nxe4 Bg7 9. Bg5 0-0 10. 0-0 f5 11. Nc5 h6 12. Bxc6 bxc6 13. Bf4 Nd5 14. Be5 f4 15. Bxg7 Kxg7 16. Ne5 Qh4 17. Nf3 Qf6 18. Ne5 Qd6 19. Rc1 Ne7 20. Ne4 Qd5 21. Nc3 Qd6 22. Ne4 Qd5 23. Nc3 Qe6 24. Re1 Nf5 25. Na4 Qd5 26. Rxc6 Nh4 27. Rxc7+ Kh8 28. Nf3 Nf5 29. Nc3 Qd6 30. Rc5 Bb7 31. Nb5 Qf6 32. Qb3 Bxf3 33. Qxf3 Rae8 34. Rxe8 Rxe8 35. h3 Nxd4 36. Nxd4 Qxd4 37. Qc3 Qxc3 38. Rxc3 Re1+ 39. Kh2 Re2 40. Rc8+ Kg7 41. Rc7+ Kf6 42. Rxa7 Rxb2 43. f3 Kg5 44. a4 Ra2 45. a5 Ra1 46. a6 Kh5 47. Ra8 Kg5 48. a7 h5 1/2-1/2

[Event "ESP-ch U12"]
[Site "Linares"]
[Date "2007.07.08"]
[Round "2"]
[White "Muratet Carmona, Julia"]
[Black "Ontanon Gomez, Pablo"]
[Result "0-1"]
[WhiteElo "1431"]
[BlackElo "1750"]
[PlyCount "122"]
[EventDate "2007.07.08"]
[EventType "swiss"]
[EventRounds "9"]
[EventCountry "ESP"]
[SourceTitle "EXT 2008"]
[Source "ChessBase"]
[SourceDate "2007.11.25"]
[SourceVersion "1"]
[SourceVersionDate "2007.11.25"]
[SourceQuality "1"]

1. e4 c5 2. Nf3 d6 3. Nc3 Nf6 4. Bc4 e6 5. 0-0 a6 6. a3 b5 7. Ba2 Be7 8. d3 0-0 9. h3 Nc6 10. Nh2 b4 11. axb4 cxb4 12. Na4 Bd7 13. Be3 Rb8 14. Bb3 Na5 15. Qf3 Nxb3 16. cxb3 Bb5 17. Rfd1 d5 18. Qg3 Nd7 19. Ng4 Kh8 20. Bd4 Bf6 21. Nxf6 Nxf6 22. Qe5 Rg8 23. Qg3 Bxa4 24. bxa4 Qe7 25. exd5 exd5 26. Rac1 Rbc8 27. Re1 Rxc1 28. Rxc1 Qe6 29. Qf4 Nh5 30. Qe5 Qxe5 31. Bxe5 h6 32. g4 Re8 33. Bd6 Re6 34. Bxb4 Nf4 35. Rc8+ Kh7 36. Bc3 d4 37. Ba5 Nxh3+ 38. Kf1 Nf4 39. b3 Nxd3 40. Rd8 Nc5 41. b4 Nb3 42. Bc7 Rc6 43. Be5 Rb6 44. Rb8 Re6 45. Bg3 d3 46. Rd8 d2 47. f3 Rb6 48. Bf4 Rxb4 49. Bxd2 Nxd2+ 50. Rxd2 Rxa4 51. Rd7 Kg6 52. Kf2 Ra1 53. Rd6+ f6 54. f4 a5 55. Kf3 a4 56. Rd2 a3 57. f5+ Kh7 58. Ke3 a2 59. Kd3 h5 60. gxh5 Kh6 61. Kd4 Kxh5 0-1